Nadī kā moṛa. (Record no. 69549)

MARC details
000 -LEADER
fixed length control field 00482cam a22002051 4500
001 - CONTROL NUMBER
control field sa 66004728
003 - CONTROL NUMBER IDENTIFIER
control field DLC
005 - DATE AND TIME OF LATEST TRANSACTION
control field 20260227112244.0
008 - FIXED-LENGTH DATA ELEMENTS--GENERAL INFORMATION
fixed length control field 890620s1962 ii 000 0 hino
010 ## - LIBRARY OF CONGRESS CONTROL NUMBER
LC control number sa 66004728
035 ## - SYSTEM CONTROL NUMBER
System control number (OCoLC)19900901
040 ## - CATALOGING SOURCE
Original cataloging agency DLC
Transcribing agency WaU
Modifying agency DLC
042 ## - AUTHENTICATION CODE
Authentication code premarc
050 00 - LIBRARY OF CONGRESS CALL NUMBER
Classification number PK2098.S49
Item number N3
100 1# - MAIN ENTRY--PERSONAL NAME
Personal name Sharma, Shri Ram,
Dates associated with a name 1909-
245 10 - TITLE STATEMENT
Title Nadī kā moṛa.
260 ## - PUBLICATION, DISTRIBUTION, ETC.
Date of publication, distribution, etc. [1962]
300 ## - PHYSICAL DESCRIPTION
Extent 4, 208 p.
Dimensions 22 cm.
500 ## - GENERAL NOTE
General note In Hindi.

No items available.

Powered by Koha